Регионална библиотека "Любен Каравелов" - Русе

Руж (Запис номер 400028)

MARC детайли
000 -Лидер
Контролно поле с фиксирана дължина 01353nam a22003017a 4500
003 - Код на организацията, давaща контролен номер
Контролно поле BLK
005 - Дата и час на последна редакция
Контролно поле 20250730110724.0
008 - Елементи от данни с фиксирана дължина
fixed length control field 210305b bu ||||| |||| 00| 0 bu d
020 ## - Международен стандартен номер на книга ISBN
Международен стандартен номер на книга ISBN 978-619-7350-94-4
020 ## - Международен стандартен номер на книга ISBN
Международен стандартен номер на книга ISBN 9786197350944
040 ## - Източник на каталожния запис
Идентификатор на билиотеката - собственик на записа BLK
041 ## - Код за език
Код за езика на текст/звукозапис или на отделно заглавие Български
Код за езика КДБФ Български
080 ## - УДК
Текстов определител УДК Американска литература (на САЩ)
УДК код - определител по УДК 821.111(73)
УДК определител -31
УДК - код + определител 821.111(73)-31
100 ## - Редна дума - Автор
R(LIN) 1299
Автор Киршенбаум, Ричард
Авторска отговорност първи автор
139 ## - Редно поле
Редна дума Киршенбаум, Ричард
Авторски знак Кир - К 56
245 ## - Сведения за заглавието
Заглавие Руж
Подзаглавни данни история за бизнес, красота и съперничество
Редно поле (дума) Ричард Кършенбаум ; прев. от англ. Надя Баева
257 ## - Страна на издаване
Страна на създаване/издаване Франция
260 ## - Област на издателските данни
9 (RLIN) 209932
Място на издаване, разпространение и проч. София
Име на издателя, разпространителя и проч. Кръг
Печатница ([Костинброд] : Мултипринт ООД)
Издателство - префикс ISBN 954-9832-
Година на издаване 2020
300 ## - Физическа характеристика
Страници 342 с.
Размери/Мащаб 22 см
380 ## - Жанр
Жанр Худож. лит.
500 ## - Общи забележки
Забележка Ориг. загл.: Rouge / Richard Kirshenbaum<br/>Възприетата форма на името на авт. Ричард Кършенбаум е Ричард Киршенбаум
700 ## - Други автори (авторска отговорност)
Лично име Баева, Надя Димитрова
9 (RLIN) 383768
852 ## - Местоположение
Форматна сигнатура Цб 306696
Фондова буква Хранилище
852 ## - Местоположение
Фондова буква Заемна - подръчен фонд
Систематично-азбучна сигнатура 821-31/К 56 Р
942 ## - АРТИКУЛИ
Вид на библиотечния материал Книги
Скрит в OPAC Не
Периодичен библиозапис Да
Koha issues (borrowed), all copies 5
944 ## - СЪЗДАВАНЕ И РЕДАКЦИЯ на ЗАПИСА
Създаване/Редакция Създаване
Дата на регистрацията/редакция 2021-03-05
Служител, извършил регистрацията/редакцията 30531
Статус, дата на статуса Цветелина Шанова
944 ## - СЪЗДАВАНЕ И РЕДАКЦИЯ на ЗАПИСА
Създаване/Редакция Редакция
Дата на регистрацията/редакция 2025-01-16
Служител, извършил регистрацията/редакцията М.Я.
999 ## - СИСТЕМНИ КОНТРОЛНИ НОМЕРА
Koha biblionumber 400028
Koha biblioitemnumber 400028
Наличности
Код за отписване Код за изгубен артикул Източник на класификационната схема Код за повреда Коз за рестрикции Код за отдаване Артикулен № Име на библиотеката - собственик Име на библиотеката, в която се намира в момента Статус (Текущо местоположение) Дата на вписване в системата Местоположение - отдел Цена в лева Систематично азбучна сигнатура Баркод Цена в евро Служебен тип на артикула Инвентарен номер
  Не е изгубен Universal Decimal Classification Не е повреден само за читалня ползва се в читалня 814971 Регионална библиотека "Любен Каравелов" Русе Регионална библиотека "Любен Каравелов" Русе Хранилище 2021-03-08 Хранилище 18.00 Цб 306696 120000852439 9.20 Книги  
  Не е изгубен Universal Decimal Classification Не е повреден   заемане за дома 958630 Регионална библиотека "Любен Каравелов" Русе Регионална библиотека "Любен Каравелов" Русе Заемна - подръчен фонд 2025-01-17 Заемна - подръчен фонд 12.60 821-31/К 56 Р 120000917147 6.44 Книги 120000917147
Vip Innovations Ltd, Rousse, Bulgaria 2025